000
00179 a2200097 4500
001
46172
100
_a
245
_a
260
_a
London
_b
Luzac & Co.
_c
090
_c
29278
_d
29278
942
_a
NUST-CAE
_c
_c
21422
999
_c
281245
_d
281245